Almas benditas que moran en el parque : la devoción a las almas del purgatorio en las fosas del cementerio de Matatigres /

Kaydedildi:
Detaylı Bibliyografya
Yazar: Rincón Leuro, Santiago (Yazar)
Materyal Türü: Elektronik Ekitap
Dil:İspanyolca
Baskı/Yayın Bilgisi: Bogotá D.C., Colombia : Sello Editorial IDPC, [2024]
Konular:
Online Erişim:Digitalia Hispánica
Etiketler: Etiketle
Etiket eklenmemiş, İlk siz ekleyin!

MARC

LEADER 00000nam a2200000 i 4500
001 DIGIDPC0077
003 NyNyDIG
007 cr |||||||||||
008 260522s2024 ck a ob 000 0 spa d
006 m o d
035 |a (OCoLC)1592616572 
040 |a DGITA  |b eng  |e rda  |e pn  |c DGITA 
020 |a 9786289662610  |q digital 
020 |z 9786289662603  |q impreso 
043 |a s-ck--- 
050 1 4 |a RA630.C74 ebook 
100 1 |a Rincón Leuro, Santiago,  |e author. 
245 1 0 |a Almas benditas que moran en el parque :  |b la devoción a las almas del purgatorio en las fosas del cementerio de Matatigres /  |c Santiago Rincón Leuro. 
264 1 |a Bogotá D.C., Colombia :  |b Sello Editorial IDPC,  |c [2024] 
300 |a 1 online resource :  |b color illustrations. 
336 |a text  |b txt  |2 rdacontent 
337 |a computer  |b c  |2 rdamedia 
338 |a online resource  |b cr  |2 rdacarrier 
347 |a text file  |2 rdaft 
347 |b PDF 
504 |a Includes bibliographical references. 
588 0 |a Online resource; title from PDF title page (Digitalia, viewed May 22, 2026) 
650 0 |a Cemeteries  |z Colombia  |z Bogotá. 
791 2 |a Digitalia (Firm),  |e distributor. 
793 0 |g Digitalia eBook Collection:  |a Instituto Distrital de Patrimonio Cultural 
776 0 8 |i Print version:  |a Rincón Leuro, Santiago.  |t Almas benditas que moran en el parque.  |d Bogotá D.C., Colombia : Sello Editorial IDPC, [2024]  |z 9786289662603 
856 4 0 |3 Digitalia Hispánica  |u https://digitalia.unach.elogim.com/a/189167/ 
910 |a Premium collection: 2026